Taika Waititi Filmography - Statistics

General Stats
  • This quiz has been taken 49 times
    13 since last reset
  • The average score is 21 of 80
Answer Stats
Type Year Name % Correct
Film 2022 Thor: Love and Thunder
100%
Film 2019 Jojo Rabbit
91%
Film 2017 Thor: Ragnarok
82%
Film 2014 What We Do in the Shadows
82%
TV Show 2019, 2021 What We Do in the Shadows
82%
Film 2019 Avengers: Endgame
64%
Film 2010 Boy
55%
Director 2025 Klara and the Sun
55%
Film 2023 Next Goal Wins
55%
Film 2007 Eagle vs Shark
45%
Film 2021 Free Guy
45%
Film 2016 Hunt for the Wilderpeople
45%
Director 2003 Two Cars, One Night
45%
TV Show 2007 Flight of the Conchords
36%
Film 2011 Green Lantern
36%
Web Series 2022-2023 Our Flag Means Death
36%
Web Series 2019-2023 The Mandalorian
36%
Web Series 2021, 2023, 2024 What If...?
36%
Director 2024 Interior Chinatown
27%
Film 2022 Lightyear
27%
Director 2016 Team Thor
27%
Director 2017 Team Thor: Part 2
27%
Commercial Director 2022 Amazon
18%
Short Film 2001 A New Way Home
18%
Commercial Director 2023 Apple
18%
Music Video 2024 Ask & You Shall Receive
18%
Commercial Director 2022 Belvedere
18%
Web Series 2025 Conan O'Brien Must Go
18%
Documentary Series 2020 Disney Gallery: The Mandalorian
18%
Director 2023 Don't Think Twice
18%
Film TBA Fing!
18%
TV Show 2003 Freaky
18%
Film 2004 Futile Attraction
18%
Short Film 2004 Heinous Crime
18%
Web Mini-Series 2023 History of the World: Part II
18%
Web Mini-Series 2020 Home Movie: The Princess Bride
18%
Director TBA James
18%
Web Mini-Series 2020 James and the Giant Peach with Taika and Friends
18%
Director 2002 John & Pogo
18%
Commercial Director 2025 Lay's
18%
Music Video 2021 My Sweet Lord
18%
Film TBA Place to Be
18%
Director 2023 Praising You
18%
TV Show 2010 Radiradirah
18%
TV Show 2003 Revelations: The Initial Journey
18%
TV Show 2019 Rick and Morty
18%
TV Show 2021 RuPaul's Drag Race Down Under
18%
Short Film 2021 Save Ralph
18%
Film 1999 Scarfies
18%
Film 2018 Seven Stages to Achieve Eternal Bliss
18%
TV Short 2018 Shrimp
18%
Film 2001 Snakeskin
18%
Director 2011 Super City
18%
Director 2005 Tama Tu
18%
Director 2018 Team Darryl
18%
Director 2024 The Boy and the Octopus
18%
Short Film 2013 The Captain
18%
Film 2021 The Electrical Life of Louis Wain
18%
Director 2012 The Inbetweeners
18%
TV Show 2009 The Jaquie Brown Diaries
18%
TV Show 2024-2025 The Masked Singer
18%
TV Show 2023 The Simpsons
18%
TV Show 2002 The Strip
18%
Film 2021 The Suicide Squad
18%
TV Show 2002 The Tribe
18%
Web Series 2024 Time Bandits
18%
Short Film 2004 Toy Boy
18%
Short Film 2005 What We Do in the Shadows: Interviews with Some Vampires
18%
TV Mini-Series 2019 Year of the Rabbit
18%
Director 2010 42 One Dream Rush
9%
Documentary Mini-Series 2018 All or Nothing: New Zealand All Blacks
9%
Short Film 2024 Belvedere B10
9%
Short Film 2005 Falling Leaves
9%
TV Show 2022 That's My Jam
9%
Director TBA The Incal
9%
Film 2002 Tongan Ninja
9%
Documentary Mini-Series 2023 Tour De Rugby
9%
Short Film 2002 Turangawaewae
9%
Director TBA Very Young Frankenstein
9%
Music Video 2023 You & I
9%
No matching quizzes found
Score Distribution
Percent of People with Each Score
Percentile by Number Answered
Your Score History
You have not taken this quiz since the last reset